[Event "POL-ch Blitz U18"]
[Site "Bydgoszcz"]
[Date "2023.08.31"]
[Round "9"]
[White "Madajczak, Piotr"]
[Black "Czernek, Tymon"]
[Result "0-1"]
[WhiteElo "1981"]
[BlackElo "2288"]
[PlyCount "84"]
[EventDate "2023.08.28"]
[EventType "swiss"]
[EventRounds "10"]
[EventCountry "POL"]
[SourceTitle "EXT 2024"]
[Source "ChessBase"]
[SourceDate "2023.10.10"]
[SourceVersion "1"]
[SourceVersionDate "2023.10.10"]
[SourceQuality "1"]

1. c4 e5 2. Nc3 Nf6 3. g3 c6 4. d4 exd4 5. Qxd4 d5 6. Bg2 Be6 7. cxd5 cxd5 8. e3 Nc6 9. Qd1 Bb4 10. Nge2 0-0 11. 0-0 Rc8 12. Bd2 Qd7 13. Nf4 Bg4 14. Qa4 Rfd8 15. a3 Bxc3 16. Bxc3 Ne4 17. Nxd5 Nxc3 18. Nxc3 Ne5 19. Qxd7 Rxd7 20. h3 Bf3 21. Bxf3 Nxf3+ 22. Kg2 Ne5 23. Rfd1 Nd3 24. Rab1 Kf8 25. Rd2 Ne1+ 26. Rxe1 Rxd2 27. Rb1 f5 28. Kf3 g6 29. g4 Kf7 30. gxf5 gxf5 31. e4 Rd3+ 32. Kf4 Rxh3 33. Kxf5 Rf3+ 34. Kg4 Rxf2 35. Nd5 Rg8+ 36. Kh3 Rf3+ 37. Kh2 Rg4 38. Rc1 Rxe4 39. Rc7+ Ke6 40. Nc3 Rg4 41. Rxh7 Rf2+ 42. Kh3 Rg1 0-1

[Event "POL-ch Rapid U18"]
[Site "Bydgoszcz"]
[Date "2023.08.29"]
[Round "3"]
[White "Madajczak, Piotr"]
[Black "Chyzy, Jakub"]
[Result "1/2-1/2"]
[WhiteElo "1944"]
[BlackElo "2119"]
[PlyCount "74"]
[EventDate "2023.08.28"]
[EventType "swiss"]
[EventRounds "11"]
[EventCountry "POL"]
[SourceTitle "EXT 2024"]
[Source "ChessBase"]
[SourceDate "2023.10.10"]
[SourceVersion "1"]
[SourceVersionDate "2023.10.10"]
[SourceQuality "1"]

1. c4 Nf6 2. Nc3 e6 3. Nf3 d5 4. d4 Be7 5. Bg5 0-0 6. e3 c6 7. cxd5 exd5 8. Bd3 Nbd7 9. 0-0 Re8 10. Qc2 Nf8 11. Bh4 Ne4 12. Bxe7 Qxe7 13. Nd2 f5 14. Rae1 Qf6 15. f3 Nxd2 16. Qxd2 f4 17. Bb1 fxe3 18. Rxe3 Be6 19. Rfe1 Bf7 20. Rxe8 Rxe8 21. Rxe8 Bxe8 22. Qe3 Qe6 23. Kf2 Qxe3+ 24. Kxe3 Kf7 25. h4 Kf6 26. Ne2 h6 27. Nf4 g5 28. hxg5+ hxg5 29. Nh3 Ne6 30. g3 c5 31. dxc5 d4+ 32. Kd2 Nxc5 33. Bc2 Bc6 34. f4 gxf4 35. Nxf4 Be4 36. Bxe4 Nxe4+ 37. Kd3 Ke5 1/2-1/2

[Event "Ustron op-B"]
[Site "Ustron"]
[Date "2023.08.19"]
[Round "9"]
[White "Madajczak, Piotr"]
[Black "Madej, Marek"]
[Result "1/2-1/2"]
[WhiteElo "2072"]
[BlackElo "2108"]
[PlyCount "72"]
[EventDate "2023.08.11"]
[EventType "swiss"]
[EventRounds "9"]
[EventCountry "POL"]
[SourceTitle "CBM 215 Extra"]
[Source "ChessBase"]
[SourceDate "2023.09.30"]
[SourceVersion "1"]
[SourceVersionDate "2023.09.30"]
[SourceQuality "1"]

1. Nf3 g6 2. e4 Bg7 3. d4 d6 4. Bd3 Nd7 5. 0-0 e5 6. c3 Ne7 7. Re1 0-0 8. Bc2 Re8 9. Be3 Nb6 10. Nbd2 exd4 11. Bxd4 Nc6 12. Bxg7 Kxg7 13. c4 Qf6 14. b3 Bg4 15. h3 Bxf3 16. Nxf3 a5 17. Rb1 Re7 18. Bd3 Nd7 19. a3 Nde5 20. Nh2 Rae8 21. Re3 Qh4 22. Bf1 Nd7 23. g3 Qf6 24. Bg2 h5 25. b4 axb4 26. axb4 Ra8 27. Qc2 Nd4 28. Qb2 Nb6 29. Rd3 Nc6 30. Qxf6+ Kxf6 31. c5 dxc5 32. bxc5 Na4 33. Ra3 Ra6 34. Rxb7 Nxc5 35. Rxa6 Nxa6 36. f4 Nd4 1/2-1/2

[Event "Ustron op-B"]
[Site "Ustron"]
[Date "2023.08.13"]
[Round "3"]
[White "Madajczak, Piotr"]
[Black "Maslanka, Wojciech"]
[Result "1/2-1/2"]
[WhiteElo "2072"]
[BlackElo "2003"]
[PlyCount "72"]
[EventDate "2023.08.11"]
[EventType "swiss"]
[EventRounds "9"]
[EventCountry "POL"]
[SourceTitle "CBM 215 Extra"]
[Source "ChessBase"]
[SourceDate "2023.09.30"]
[SourceVersion "1"]
[SourceVersionDate "2023.09.30"]
[SourceQuality "1"]

1. d4 Nf6 2. c4 e6 3. Nf3 b6 4. g3 Bb7 5. Bg2 Bb4+ 6. Bd2 c5 7. Bxb4 cxb4 8. 0-0 a5 9. Nbd2 d6 10. Re1 Qe7 11. e4 e5 12. Nh4 0-0 13. Nf5 Qc7 14. d5 Bc8 15. Ne3 Nbd7 16. a3 bxa3 17. Rxa3 Re8 18. f4 exf4 19. gxf4 Ra7 20. Kh1 Nc5 21. Nc2 Ng4 22. Qe2 Qe7 23. Qf3 Qh4 24. Qg3 Qxg3 25. hxg3 Rae7 26. Nd4 f6 27. Kg1 Bd7 28. Bf3 Nh6 29. Kg2 g6 30. Rae3 Nf5 31. Nxf5 Bxf5 32. Kf2 Bd7 33. Bd1 f5 34. Bc2 fxe4 35. Bxe4 Kg7 36. Bc2 Kf6 1/2-1/2

[Event "Wroclaw Anderssen Memorial op-A"]
[Site "Wroclaw"]
[Date "2023.08.10"]
[Round "6"]
[White "Madajczak, Piotr"]
[Black "Chrzanowski, Michal"]
[Result "1/2-1/2"]
[WhiteElo "2072"]
[BlackElo "1987"]
[PlyCount "96"]
[EventDate "2023.08.06"]
[EventType "swiss"]
[EventRounds "9"]
[EventCountry "POL"]
[SourceTitle "CBM 215 Extra"]
[Source "ChessBase"]
[SourceDate "2023.09.30"]
[SourceVersion "1"]
[SourceVersionDate "2023.09.30"]
[SourceQuality "1"]

1. c4 Nf6 2. Nc3 g6 3. e4 d6 4. d4 Bg7 5. Nge2 0-0 6. Ng3 Nc6 7. Be2 e5 8. d5 Nd4 9. h4 h5 10. Bg5 Qe8 11. Qd2 Nh7 12. Be3 c6 13. f3 Bd7 14. Bd3 f5 15. Nge2 f4 16. Bf2 c5 17. Rb1 a6 18. b4 b6 19. Qc1 Qe7 20. Kd2 Rfb8 21. bxc5 bxc5 22. Qa3 Bc8 23. Qa5 Bf6 24. Nxd4 cxd4 25. Ne2 Qd8 26. Qxd8+ Bxd8 27. Rb3 Ba5+ 28. Kc2 Bd7 29. Rxb8+ Rxb8 30. Be1 Ba4+ 31. Kc1 Bxe1 32. Rxe1 Nf6 33. Ng1 Nd7 34. Re2 Nc5 35. Bb1 Rb4 36. Rb2 Rxc4+ 37. Kd2 a5 38. Ne2 Rb4 39. Rxb4 axb4 40. Nc1 Bb5 41. Bd3 Bd7 42. Bc4 Kf7 43. Nd3 Nxd3 44. Kxd3 Ba4 45. Bb3 Bb5+ 46. Bc4 Ba4 47. Bb3 Bb5+ 48. Bc4 Ba4 1/2-1/2

[Event "POL-ch U18"]
[Site "Jastrzebia Gora"]
[Date "2023.??.??"]
[Round "1"]
[White "Chyzy, Jakub"]
[Black "Madajczak, Piotr"]
[Result "1/2-1/2"]
[WhiteElo "2250"]
[BlackElo "1897"]
[PlyCount "88"]
[EventDate "2023.03.11"]
[EventType "swiss"]
[EventRounds "9"]
[EventCountry "POL"]
[SourceTitle "CBM 213 Extra"]
[Source "ChessBase"]
[SourceDate "2023.05.31"]
[SourceVersion "1"]
[SourceVersionDate "2023.05.31"]
[SourceQuality "1"]

1. e4 c6 2. Nf3 d5 3. Nc3 Bg4 4. h3 Bxf3 5. Qxf3 e6 6. Be2 Bc5 7. 0-0 Ne7 8. Na4 Bd6 9. d4 dxe4 10. Qxe4 Nd7 11. c4 0-0 12. Rd1 Nf6 13. Qf3 Qa5 14. Nc3 Rad8 15. Bd3 Bb8 16. g3 Rd7 17. Bd2 Qd8 18. Bg5 Rxd4 19. Bxf6 gxf6 20. Qxf6 Ng6 21. Qxd8 Rfxd8 22. Be2 Be5 23. Rxd4 Rxd4 24. Rd1 Rxd1+ 25. Nxd1 Bd4 26. Kg2 Ne5 27. f4 Nd7 28. Kf3 f5 29. Bd3 h5 30. g4 hxg4+ 31. hxg4 fxg4+ 32. Kxg4 Kf7 33. Kf3 Nf6 34. b4 Ke7 35. Ne3 Bc3 36. Nc2 b6 37. Be4 Kd6 38. Ke3 Ng4+ 39. Kd3 Bg7 40. Bg2 Nf2+ 41. Ke2 Ng4 42. Bh3 Nh6 43. Ne3 e5 44. fxe5+ Kxe5 1/2-1/2

[Event "Wroclaw Radzikowska Blitz op"]
[Site "Wroclaw"]
[Date "2022.11.04"]
[Round "7"]
[White "Madajczak, Piotr"]
[Black "Salimova, Nurgyul"]
[Result "0-1"]
[WhiteElo "1902"]
[BlackElo "2379"]
[PlyCount "76"]
[EventDate "2022.11.04"]
[EventType "swiss (blitz)"]
[EventRounds "11"]
[EventCountry "POL"]
[SourceTitle "EXT 2024"]
[Source "ChessBase"]
[SourceDate "2023.10.10"]
[SourceVersion "1"]
[SourceVersionDate "2023.10.10"]
[SourceQuality "1"]

1. c4 e6 2. Nc3 d5 3. cxd5 exd5 4. d4 c6 5. Qc2 Be7 6. Bf4 Nf6 7. e3 0-0 8. Bd3 Na6 9. a3 Nc7 10. Nf3 Nce8 11. 0-0 Nd6 12. Rac1 g6 13. b4 Bg4 14. Nd2 a5 15. Rb1 axb4 16. axb4 b5 17. Bxd6 Bxd6 18. h3 Bd7 19. Qb2 Qe7 20. Rfc1 Ra7 21. Nf3 Rfa8 22. Bc2 Ne4 23. Bxe4 dxe4 24. Nd2 Bf5 25. d5 Qe5 26. Nf1 Rc7 27. dxc6 Rxc6 28. Ne2 Qxb2 29. Rxb2 Rxc1 30. Nxc1 Ra4 31. g4 Be6 32. Nd2 Rxb4 33. Rxb4 Bxb4 34. Nxe4 Ba3 35. Nd3 Bc4 36. Nec5 Kf8 37. Kg2 Ke7 38. Kf3 Kd6 0-1

[Event "Ustron op-B"]
[Site "Ustron"]
[Date "2022.08.18"]
[Round "7"]
[White "Madajczak, Piotr"]
[Black "Sowinski, Pawel"]
[Result "1/2-1/2"]
[WhiteElo "1917"]
[BlackElo "2124"]
[PlyCount "121"]
[EventDate "2022.08.12"]
[EventType "swiss"]
[EventRounds "9"]
[EventCountry "POL"]
[SourceTitle "CBM 209 Extra"]
[Source "ChessBase"]
[SourceDate "2022.09.30"]
[SourceVersion "1"]
[SourceVersionDate "2022.09.30"]
[SourceQuality "1"]

1. d4 Nf6 2. Nf3 g6 3. c4 Bg7 4. Nc3 0-0 5. g3 d6 6. Bg2 Nc6 7. e4 e5 8. d5 Ne7 9. 0-0 Bg4 10. h3 Bd7 11. Ne1 Nh5 12. Kh2 Qe8 13. Bf3 Nf6 14. Nd3 h6 15. Be3 Nh7 16. Qd2 Kh8 17. Bxh6 Bxh6 18. Qxh6 g5 19. Qh5 Kg7 20. Bg4 Rh8 21. Kg2 Ng6 22. Bxd7 Qxd7 23. Qg4 Qe7 24. Rh1 Rag8 25. Nd1 Qd8 26. Ne3 Kf8 27. Nf5 Nf6 28. Qe2 Qd7 29. Rac1 c6 30. dxc6 bxc6 31. f3 Ne7 32. Nxe7 Qxe7 33. c5 Kg7 34. cxd6 Qxd6 35. Qe3 Nh5 36. Rcd1 Qf6 37. Qc5 Re8 38. Nf2 Qe6 39. b3 Nf6 40. Rd6 Qe7 41. Rxc6 Qb7 42. Rc7 Qb8 43. Qxa7 Qxa7 44. Rxa7 Rc8 45. Ra5 Rhe8 46. Rd1 Rc2 47. b4 Rb2 48. a3 Nh5 49. Rdd5 f6 50. Rd7+ Kg6 51. Rc5 Ra8 52. Rc3 Ra2 53. Rd1 Ng7 54. Rd6 Nh5 55. b5 R8xa3 56. Rxa3 Rxa3 57. Rb6 Rb3 58. Rb8 Rb2 59. b6 Kh7 60. Rb7+ Kg6 61. Rb8 1/2-1/2

[Event "Wroclaw Anderssen Memorial"]
[Site "Wroclaw"]
[Date "2022.07.30"]
[Round "6"]
[White "Madajczak, Piotr"]
[Black "Sernecki, Franciszek"]
[Result "0-1"]
[WhiteElo "1925"]
[BlackElo "2261"]
[PlyCount "190"]
[EventDate "2022.07.30"]
[EventType "swiss (rapid)"]
[EventRounds "9"]
[EventCountry "POL"]
[SourceTitle "CBM 209 Extra"]
[Source "ChessBase"]
[SourceDate "2022.09.30"]
[SourceVersion "1"]
[SourceVersionDate "2022.09.30"]
[SourceQuality "1"]

1. c4 Nf6 2. Nc3 e6 3. e4 d5 4. e5 d4 5. exf6 dxc3 6. bxc3 Qxf6 7. d4 e5 8. Nf3 exd4 9. Bg5 Qe6+ 10. Be2 Be7 11. Bxe7 d3 12. Qxd3 Qxe7 13. 0-0 0-0 14. Nd4 Nd7 15. Rfe1 Qf6 16. Qg3 c6 17. Bd3 Nc5 18. Bc2 Bd7 19. Re5 b6 20. Rg5 Ne6 21. Rh5 g6 22. Rh4 Nxd4 23. cxd4 c5 24. Rd1 cxd4 25. Rhxd4 Be6 26. Qd6 Rac8 27. Bb3 Rc5 28. Rf4 Qe5 29. Qxe5 Rxe5 30. f3 Rc8 31. Kf2 Rec5 32. Ke3 Bxc4 33. Bxc4 Rxc4 34. Rd7 Rxf4 35. Kxf4 Rc4+ 36. Ke5 Rc2 37. Kf6 Rc6+ 38. Ke5 Rc5+ 39. Kf6 Rc6+ 40. Ke5 a5 41. Rb7 Kg7 42. h4 h5 43. g4 hxg4 44. fxg4 Rc5+ 45. Kd4 Rb5 46. Ke4 Rb4+ 47. Kf3 a4 48. h5 g5 49. h6+ Kxh6 50. Rxf7 Rb2 51. a3 Kg6 52. Rb7 Rb3+ 53. Ke4 Kf6 54. Kd5 b5 55. Rb6+ Kf7 56. Ke5 Rxa3 57. Rxb5 Rf3 58. Rb7+ Kg6 59. Rb6+ Kg7 60. Rb4 Rf4 61. Rb7+ Kg6 62. Rb6+ Kf7 63. Rb7+ Kf8 64. Rb8+ Ke7 65. Rb7+ Kd8 66. Ra7 Kc8 67. Ke6 Kb8 68. Ra5 Rxg4 69. Kf5 Rd4 70. Kxg5 Kb7 71. Kf5 Kb6 72. Ra8 Kb5 73. Ke5 Rd7 74. Ke4 Kb4 75. Ke3 a3 76. Ke2 Rd4 77. Ke3 Rd5 78. Ke2 Kb3 79. Rb8+ Kc3 80. Rc8+ Kb2 81. Rb8+ Kc3 82. Rc8+ Kb3 83. Rb8+ Kc4 84. Ra8 Kb4 85. Ra7 Ra5 86. Rb7+ Rb5 87. Ra7 Ra5 88. Rb7+ Rb5 89. Ra7 Ra5 90. Rb7+ Kc5 91. Rb1 a2 92. Ra1 Kc4 93. Kd2 Kb3 94. Kc1 Rc5+ 95. Kd2 Kb2 0-1

[Event "POL-ch U16"]
[Site "Sypniewo"]
[Date "2022.03.23"]
[Round "5"]
[White "Madajczak, Piotr"]
[Black "Backiel, Hubert"]
[Result "1/2-1/2"]
[WhiteElo "1902"]
[BlackElo "2075"]
[PlyCount "63"]
[EventDate "2022.03.19"]
[EventType "swiss"]
[EventRounds "9"]
[EventCountry "POL"]
[SourceTitle "CBM 207 Extra"]
[Source "ChessBase"]
[SourceDate "2022.05.31"]
[SourceVersion "1"]
[SourceVersionDate "2022.05.31"]
[SourceQuality "1"]

1. c4 b6 2. Nc3 Bb7 3. e4 e5 4. Nge2 Nc6 5. g3 Bc5 6. Bg2 h5 7. h4 Nf6 8. Na4 d6 9. d3 Ng4 10. 0-0 Bxf2+ 11. Rxf2 Nxf2 12. Kxf2 Qd7 13. Nac3 0-0-0 14. Be3 Kb8 15. Ke1 Qg4 16. Kd2 Nd4 17. Qh1 c5 18. Rf1 f6 19. Bh3 Qg6 20. Qh2 Rhf8 21. Qf2 Qh7 22. Kc1 g6 23. Qe1 f5 24. Bg5 Rd7 25. Nxd4 cxd4 26. Nd5 Bxd5 27. exd5 Rc7 28. Kb1 Rfc8 29. b3 Ka8 30. Bg2 Qd7 31. Qb4 Rb7 32. a4 1/2-1/2

[Event "POL-ch U16"]
[Site "Sypniewo"]
[Date "2022.03.21"]
[Round "3"]
[White "Madajczak, Piotr"]
[Black "Goral, Jan"]
[Result "1-0"]
[WhiteElo "1902"]
[BlackElo "1618"]
[PlyCount "141"]
[EventDate "2022.03.19"]
[EventType "swiss"]
[EventRounds "9"]
[EventCountry "POL"]
[SourceTitle "CBM 207 Extra"]
[Source "ChessBase"]
[SourceDate "2022.05.31"]
[SourceVersion "1"]
[SourceVersionDate "2022.05.31"]
[SourceQuality "1"]

1. Nf3 c5 2. c4 g6 3. d4 cxd4 4. Nxd4 Bg7 5. e4 Nc6 6. Be3 Nf6 7. Nc3 0-0 8. Be2 d6 9. 0-0 Bd7 10. Nc2 a5 11. Qd2 a4 12. Rac1 Qa5 13. f3 Rfc8 14. Rfd1 Ne5 15. Na3 Be6 16. Nd5 Qxd2 17. Nxf6+ Bxf6 18. Rxd2 Nd7 19. Rdc2 Nc5 20. Nb5 Bd7 21. Nc3 e6 22. Rd2 Be5 23. g3 Ra6 24. Bd4 Bxd4+ 25. Rxd4 Rb6 26. Rc2 Kf8 27. Rdd2 Ke7 28. Nd1 Na6 29. Rc3 Nb4 30. Ra3 Na6 31. Kf2 Nc5 32. Ke3 Bc6 33. Rc3 Ra8 34. Ra3 Rd8 35. Nf2 Rc8 36. Nd3 Na6 37. Bd1 Be8 38. Bxa4 Rxc4 39. Rb3 Rxb3 40. Bxb3 Rc8 41. Rc2 Rxc2 42. Bxc2 Kd8 43. a4 b6 44. b4 Kc7 45. Kd4 Kb7 46. Kc3 Bd7 47. Kb3 Be8 48. Nf2 f5 49. h4 Nb8 50. Kc3 Nc6 51. f4 d5 52. exd5 exd5 53. b5 Nd8 54. Kd4 Bf7 55. Ke5 Ne6 56. h5 Kc7 57. hxg6 hxg6 58. Kf6 Nd4 59. Kxf7 Nxc2 60. Kxg6 Ne3 61. Kg5 Kd6 62. g4 fxg4 63. Nxg4 d4 64. Nf2 Ke6 65. Nd3 Nd5 66. f5+ Ke7 67. Kg6 Nc3 68. f6+ Kf8 69. Ne5 Ne4 70. Nd7+ Ke8 71. f7+ 1-0

[Event "POL-ch U16"]
[Site "Sypniewo"]
[Date "2022.03.20"]
[Round "2"]
[White "Grzadka, Artur"]
[Black "Madajczak, Piotr"]
[Result "0-1"]
[WhiteElo "1710"]
[BlackElo "1902"]
[PlyCount "102"]
[EventDate "2022.03.19"]
[EventType "swiss"]
[EventRounds "9"]
[EventCountry "POL"]
[SourceTitle "CBM 207 Extra"]
[Source "ChessBase"]
[SourceDate "2022.05.31"]
[SourceVersion "1"]
[SourceVersionDate "2022.05.31"]
[SourceQuality "1"]

1. d4 f5 2. c4 Nf6 3. Nc3 b6 4. Bg5 e6 5. e3 Bb7 6. Nf3 Bb4 7. Qb3 a5 8. a3 Bxc3+ 9. Qxc3 d6 10. Bd3 0-0 11. 0-0-0 a4 12. Ne1 Nbd7 13. f3 Qe8 14. Nc2 c5 15. Rhe1 Rc8 16. d5 Ne5 17. Bxf6 Rxf6 18. e4 f4 19. Bf1 Qh5 20. dxe6 Rxe6 21. h3 Bc6 22. Rd2 Qf7 23. Red1 Qf8 24. Ne1 Bb7 25. Nd3 Nc6 26. Kb1 Nd4 27. Nc1 Rb8 28. b4 axb3 29. Nxb3 Nc6 30. Na1 Ne5 31. Rb2 Bc6 32. Nc2 Ba4 33. Rd5 Bxc2+ 34. Qxc2 Qe7 35. Qa4 Qc7 36. Qc2 Rf6 37. Qd2 h6 38. h4 g5 39. Qc3 Kf7 40. hxg5 hxg5 41. Rbd2 Ke7 42. Kc1 Rh8 43. Kd1 Rg8 44. Be2 Re6 45. Ke1 Nc6 46. Qd3 Rgg6 47. Kf2 Re5 48. Rd1 Rh6 49. Rxe5+ dxe5 50. Qd5 Rh8 51. Rb1 Rd8 0-1

[Event "Rubinstein Memorial op-A 57th"]
[Site "Polanica Zdroj"]
[Date "2021.08.21"]
[Round "8"]
[White "Madajczak, Piotr"]
[Black "Antoniewicz, Jakub"]
[Result "1/2-1/2"]
[WhiteElo "1853"]
[BlackElo "1912"]
[PlyCount "32"]
[EventDate "2021.08.14"]
[EventType "swiss"]
[EventRounds "9"]
[EventCountry "POL"]
[SourceTitle "CBM 203 Extra"]
[Source "ChessBase"]
[SourceDate "2021.09.30"]
[SourceVersion "1"]
[SourceVersionDate "2021.09.30"]
[SourceQuality "1"]

1. f4 d5 2. Nf3 g6 3. d3 Nf6 4. g3 Bg7 5. Bg2 c5 6. 0-0 0-0 7. Qe1 Nc6 8. e4 dxe4 9. dxe4 e5 10. Nc3 b6 11. f5 Bb7 12. Bg5 Nd4 13. Nxd4 cxd4 14. Nd5 Bxd5 15. exd5 Qd6 16. Bxf6 Bxf6 1/2-1/2

[Event "Rubinstein Memorial op-A 57th"]
[Site "Polanica Zdroj"]
[Date "2021.08.14"]
[Round "1"]
[White "Madajczak, Piotr"]
[Black "Durand Le Ludec, Brendan Bubok"]
[Result "0-1"]
[WhiteElo "1853"]
[BlackElo "2197"]
[PlyCount "92"]
[EventDate "2021.08.14"]
[EventType "swiss"]
[EventRounds "9"]
[EventCountry "POL"]
[SourceTitle "CBM 203 Extra"]
[Source "ChessBase"]
[SourceDate "2021.09.30"]
[SourceVersion "1"]
[SourceVersionDate "2021.09.30"]
[SourceQuality "1"]

1. c4 Nf6 2. Nc3 g6 3. g3 Bg7 4. Bg2 0-0 5. e4 d6 6. Nge2 c5 7. 0-0 Nc6 8. d3 Rb8 9. h3 Ne8 10. Be3 Nd4 11. Rb1 Nc7 12. b4 b6 13. Nd5 Nxe2+ 14. Qxe2 Ne6 15. Qd2 Nd4 16. Kh2 e6 17. Nc3 Bb7 18. Bh6 e5 19. Be3 Qd7 20. bxc5 dxc5 21. Nd5 Bc6 22. f4 exf4 23. gxf4 f5 24. e5 Ne6 25. d4 cxd4 26. Bxd4 Rbc8 27. Be3 Kh8 28. Rbd1 Bb7 29. Qb4 Qf7 30. Rd2 g5 31. Nf6 Bxf6 32. exf6 gxf4 33. Bg1 Be4 34. Qa4 Rg8 35. Bf3 Qg6 36. Bxe4 Qg3+ 37. Kh1 fxe4 38. Rh2 f3 39. Rc1 Qf4 40. Re1 Rxg1+ 41. Rxg1 f2 42. Rxf2 Qxf2 43. Qd7 Qf3+ 44. Kh2 Rd8 45. f7 Qf2+ 46. Kh1 Qxg1+ 0-1

[Event "POL-ch U20"]
[Site "Pokrzywna"]
[Date "2020.12.03"]
[Round "6"]
[White "Niedbala, Bartlomiej"]
[Black "Madajczak, Piotr"]
[Result "1-0"]
[WhiteElo "2348"]
[BlackElo "1829"]
[PlyCount "59"]
[EventDate "2020.11.30"]
[EventType "swiss"]
[EventRounds "9"]
[EventCountry "POL"]
[SourceTitle "CBM 199 Extra"]
[Source "ChessBase"]
[SourceDate "2021.01.31"]
[SourceVersion "1"]
[SourceVersionDate "2021.01.31"]
[SourceQuality "1"]

1. d4 f5 2. Nf3 Nf6 3. g3 d6 4. Bg2 g6 5. 0-0 Bg7 6. b3 0-0 7. Bb2 Nbd7 8. c4 c6 9. Ng5 Nb6 10. Nd2 Qc7 11. Qc2 h6 12. Ngf3 Nh5 13. e4 e5 14. c5 dxc5 15. dxe5 Nd7 16. exf5 Nxe5 17. Nxe5 Bxe5 18. Bxe5 Qxe5 19. fxg6 Bf5 20. Nf3 Qf6 21. Qxc5 Bxg6 22. Rad1 b6 23. Qd4 Qe7 24. Ne5 Be8 25. Nxc6 Bxc6 26. Bxc6 Rad8 27. Bd5+ Kh7 28. Rfe1 Qc7 29. Qe4+ Kg7 30. Qg4+ 1-0

[Event "POL-ch U20"]
[Site "Pokrzywna"]
[Date "2020.12.01"]
[Round "3"]
[White "Madajczak, Piotr"]
[Black "Jarzebowski, Kacper"]
[Result "1-0"]
[WhiteElo "1829"]
[BlackElo "2107"]
[PlyCount "71"]
[EventDate "2020.11.30"]
[EventType "swiss"]
[EventRounds "9"]
[EventCountry "POL"]
[SourceTitle "CBM 199 Extra"]
[Source "ChessBase"]
[SourceDate "2021.01.31"]
[SourceVersion "1"]
[SourceVersionDate "2021.01.31"]
[SourceQuality "1"]

1. c4 e5 2. Nc3 Nf6 3. Nf3 Nc6 4. e4 Bc5 5. Nxe5 Nxe5 6. d4 Bb4 7. dxe5 Nxe4 8. Qf3 Nxc3 9. bxc3 Bc5 10. Qg3 Kf8 11. Be2 a5 12. Be3 Qe7 13. 0-0 Ra6 14. f4 f5 15. Bd4 h5 16. Qf2 Rc6 17. Rac1 b6 18. Bf3 Ba3 19. Rcd1 Rxc4 20. Bd5 Rc5 21. Qf3 Ba6 22. Rfe1 Bc4 23. Bxc5 Qxc5+ 24. Kh1 Ke7 25. Qg3 Bxd5 26. Qxg7+ Kd8 27. Qxh8+ Ke7 28. Qf6+ Ke8 29. Qxf5 Qf2 30. Qxh5+ Kd8 31. Qg5+ Kc8 32. Rf1 Qxa2 33. f5 Qe2 34. f6 Kb7 35. Rfe1 Qa2 36. Qd2 1-0

[Event "Litomysl op 20th"]
[Site "Litomysl"]
[Date "2019.12.30"]
[Round "7"]
[White "Madajczak, Piotr"]
[Black "Starosciak, Szymon"]
[Result "1/2-1/2"]
[WhiteElo "1612"]
[BlackElo "1729"]
[PlyCount "49"]
[EventDate "2019.12.26"]
[EventType "swiss"]
[EventRounds "9"]
[EventCountry "CZE"]
[SourceTitle "CBM 194 Extra"]
[Source "ChessBase"]
[SourceDate "2020.03.31"]
[SourceVersion "1"]
[SourceVersionDate "2020.03.31"]
[SourceQuality "1"]

1. c4 Nf6 2. Nc3 e5 3. Nf3 Nc6 4. a3 d5 5. cxd5 Nxd5 6. g3 Nxc3 7. bxc3 Bc5 8. Bg2 e4 9. Ng1 Qf6 10. e3 Bf5 11. f3 Ne5 12. f4 Nd3+ 13. Kf1 Qa6 14. Ne2 h5 15. h4 0-0-0 16. Bh3 Bxh3+ 17. Rxh3 Qe6 18. Rh2 Qg4 19. Rb1 Qf3+ 20. Kg1 Bxe3+ 21. dxe3 Nf2 22. Qf1 Rd1 23. Rxf2 Rxf1+ 24. Kxf1 Qg4 25. Rb4 1/2-1/2

[Event "Litomysl op 20th"]
[Site "Litomysl"]
[Date "2019.12.28"]
[Round "4"]
[White "Madajczak, Piotr"]
[Black "Galvanek, Ladislav"]
[Result "1-0"]
[WhiteElo "1612"]
[BlackElo "1966"]
[PlyCount "96"]
[EventDate "2019.12.26"]
[EventType "swiss"]
[EventRounds "9"]
[EventCountry "CZE"]
[SourceTitle "CBM 194 Extra"]
[Source "ChessBase"]
[SourceDate "2020.03.31"]
[SourceVersion "1"]
[SourceVersionDate "2020.03.31"]
[SourceQuality "1"]

1. c4 e6 2. Nc3 d5 3. d4 c5 4. cxd5 exd5 5. Nf3 Nc6 6. g3 Nf6 7. Bg2 Be7 8. 0-0 0-0 9. b3 Re8 10. Bb2 Bg4 11. dxc5 Bxc5 12. h3 Bh5 13. g4 Bg6 14. Nb5 Qb6 15. Nbd4 Ne4 16. Rc1 Rad8 17. e3 Nb4 18. a3 Nc6 19. b4 Bf8 20. Qa4 Rc8 21. Rfd1 a6 22. Ba1 Na7 23. Qb3 Red8 24. Rxc8 Nxc8 25. Ne2 Ncd6 26. Qxd5 Rc8 27. Nh4 Nf6 28. Bxf6 gxf6 29. Nxg6 hxg6 30. Nf4 Kg7 31. g5 fxg5 32. Qxg5 Nb5 33. Qe5+ Qf6 34. Qxf6+ Kxf6 35. Bxb7 Rb8 36. Bxa6 Nxa3 37. b5 Nc4 38. Rd4 Nb6 39. Nd5+ Nxd5 40. Rxd5 Ke6 41. Rd3 Bc5 42. Kg2 Bb6 43. Rc3 Rd8 44. Bb7 Rd6 45. Bc6 g5 46. Ra3 Rd2 47. Kf3 Kd6 48. Ra8 Ke6 1-0

[Event "Wroclaw Anderssen Memorial op"]
[Site "Wroclaw"]
[Date "2018.08.04"]
[Round "1"]
[White "Swicarz, Maciej"]
[Black "Madajczak, Piotr"]
[Result "1/2-1/2"]
[WhiteElo "2312"]
[BlackElo "1600"]
[PlyCount "196"]
[EventDate "2018.08.04"]
[EventType "swiss (rapid)"]
[EventRounds "13"]
[EventCountry "POL"]
[SourceTitle "CBM 185 Extra"]
[Source "ChessBase"]
[SourceDate "2018.07.29"]
[SourceVersion "1"]
[SourceVersionDate "2018.07.29"]
[SourceQuality "1"]

1. b4 e5 2. a3 d5 3. Bb2 Bd6 4. e3 c6 5. c4 Be6 6. Nf3 Nd7 7. d4 e4 8. Nfd2 Ne7 9. Nc3 0-0 10. Qe2 Bc7 11. f4 f5 12. h3 Nf6 13. Rg1 dxc4 14. Nxc4 Ned5 15. g4 Nxc3 16. Bxc3 Nd5 17. Bb2 Qh4+ 18. Kd2 a5 19. bxa5 Bxa5+ 20. Kc2 b5 21. Ne5 b4 22. gxf5 Bxf5 23. Rg5 g6 24. Nc4 Bd8 25. Rg2 Be7 26. a4 b3+ 27. Kc1 Nb4 28. Qd2 Nd5 29. Ne5 Bb4 30. Qe2 Bxh3 31. Rg1 Bxf1 32. Rxf1 Qg3 33. Nc4 Be7 34. Qd2 Bb4 35. Qe2 Be7 36. a5 Nb4 37. Ra4 Nd3+ 38. Kb1 Rf5 39. a6 Rh5 40. Qd2 Rh2 41. Qc3 Qg2 42. Rc1 Nxc1 43. Bxc1 Qc2+ 44. Qxc2 bxc2+ 45. Kb2 Rb8+ 46. Kc3 c5 47. a7 cxd4+ 48. exd4 Ra8 49. Nb6 Rxa7 50. Rxa7 Bh4 51. Ra2 Be1+ 52. Kb3 e3 53. Bxe3 Rh3 54. Rxc2 Rxe3+ 55. Kc4 Re4 56. Nd5 Kg7 57. Kd3 Re8 58. Rc7+ Kh6 59. Rxh7+ Kxh7 60. Nf6+ Kh6 61. Nxe8 g5 62. f5 g4 63. Ke4 g3 64. Kf3 Kg5 65. f6 Kg6 66. Ng7 Kxf6 67. Nh5+ Ke6 68. Ke4 Kd6 69. Nf4 Bf2 70. d5 Kd7 71. Ng2 Bc5 72. Kf3 Bd6 73. Ne3 Bb8 74. Nf5 Bc7 75. Ne3 Bb8 76. Ke4 Bc7 77. Ng2 Bb8 78. Kf5 Kd6 79. Ke4 Kd7 80. Ne3 Bc7 81. Kd3 Kd6 82. Kc4 Kd7 83. Ng2 Kd6 84. Kd4 Bb6+ 85. Ke4 Bc7 86. Ne3 Kd7 87. Kd3 Bb6 88. Ng2 Bc7 89. Kc4 Kd6 90. Ne3 Kd7 91. Kc5 Bd6+ 92. Kd4 Bc7 93. Ke4 Bb8 94. Kf3 Bc7 95. Nf5 Bb8 96. Nxg3 Bxg3 97. Kxg3 Kd6 98. Kf4 Kxd5 1/2-1/2